00384 a2200109 4500001001000000005001700010008004100027245007200068100002100140773009600161999001700257ART_2405820260410161933.0260409a 10aTipo de cambio real competitivo, inflación y política monetaria1 aFrenkel, Roberto0 tRevista de Economía Política de Buenos Airesg- Año 2, Vol. 3/4 (nov. 2008)wREV23982 c28825d28825